000 01184nam a2200265Ia 4500
003 Ost
005 20260507074859.0
008 260507s9999||||xx |||||||||||||| ||und||
020 _a9774083768
040 _cfsecg
041 _aara
082 _a658.8
100 _aهاج، بول ونيك
_eمؤلف
245 0 _aكيف تجري بحوثا تسويقية متميزة؟ /
_c بول ونيك هاج
260 _aعمان:
_bدار الفاروق للنشر و التوزيع,
_c2007
300 _a288 صفحة؛
_bإيضاحات ؛
_c24 سم
490 _aمهارات التسويق الحديثة
504 _aملاحق: ص.255
520 _aيضم أهمية البحوث التسويقية، تصميم البحث التسويقي، البحوث المكتبية، المناقشات الجماعية، المقابلات واسعة النطاق، الملاحظة، العينات والاحصائيات، تصميم استمارة الاستقصاء، إصدار التقارير
653 _aالبحوث
653 _aالتسويق
653 _aبحوث العمليات
700 _aمرجان، كارول
_eمؤلف ثانوي
942 _cكتاب
999 _c41638
_d41638